[Event "Curitiba Sul Regional-ch"]
[Site "Curitiba"]
[Date "2015.07.10"]
[Round "2"]
[White "Carstens Dobuchak, Thiago"]
[Black "Limberg, Estacio Vermelho"]
[Result "0-1"]
[WhiteElo "1977"]
[BlackElo "2237"]
[PlyCount "74"]
[EventDate "2015.07.10"]
[EventType "swiss"]
[EventRounds "6"]
[EventCountry "BRA"]
[SourceTitle "EXT 2016"]
[Source "ChessBase"]
[SourceDate "2015.10.08"]
[SourceVersion "1"]
[SourceVersionDate "2015.10.08"]
[SourceQuality "1"]

1. e4 c5 2. Nf3 Nc6 3. Bb5 g6 4. Bxc6 bxc6 5. 0-0 Bg7 6. d3 Nf6 7. h3 0-0 8. Be3 d6 9. Nbd2 e5 10. Nc4 Be6 11. Nfd2 Nh5 12. Nf3 h6 13. c3 Qd7 14. Na3 f5 15. exf5 Bxf5 16. Nh2 Be6 17. Nc2 Nf4 18. d4 cxd4 19. cxd4 Bc4 20. Re1 Nd3 21. Na3 Ba6 22. Qa4 exd4 23. Qxa6 Nxe1 24. Bd2 Nxg2 25. Kxg2 Qf5 26. f3 Rae8 27. Re1 Rxe1 28. Bxe1 Qd5 29. Nb1 d3 30. Qa4 Bxb2 31. Bd2 Bg7 32. Nc3 Qc5 33. Ne4 Qc2 34. Qa5 d5 35. Nc5 Re8 36. Nf1 Re2+ 37. Kg3 Qd1 0-1

[Event "Sao Paulo Livraria 3rd+"]
[Site "Sao Paulo"]
[Date "2015.05.09"]
[Round "5"]
[White "Caldeira, Adriano"]
[Black "Limberg, Estacio Vermelho"]
[Result "1-0"]
[WhiteElo "2214"]
[BlackElo "2256"]
[PlyCount "55"]
[EventDate "2015.05.05"]
[EventType "tourn"]
[EventRounds "9"]
[EventCountry "BRA"]
[SourceTitle "EXT 2016"]
[Source "ChessBase"]
[SourceDate "2015.10.08"]
[SourceVersion "1"]
[SourceVersionDate "2015.10.08"]
[SourceQuality "1"]

1. e4 d6 2. d4 g6 3. Nc3 Bg7 4. Be3 a6 5. Qd2 b5 6. f3 Bb7 7. a4 b4 8. Nce2 a5 9. c4 Nd7 10. Nc1 e5 11. d5 Nc5 12. Qf2 Qe7 13. Bxc5 dxc5 14. Nb3 Bf8 15. Ne2 Nf6 16. Nec1 Nd7 17. Nd3 f5 18. g3 fxe4 19. fxe4 Bh6 20. Bh3 Rf8 21. Qe2 Bc8 22. Rf1 Rf6 23. Rxf6 Qxf6 24. Nf2 Bf8 25. Kf1 h5 26. Kg2 Kf7 27. Nd3 Kg7 28. Rf1 1-0

[Event "Sao Bernardo do Campo op"]
[Site "Sao Bernardo do Campo"]
[Date "2013.05.25"]
[Round "4"]
[White "Aranha Filho, Alvaro Zimmermann"]
[Black "Limberg, Estacio Vermelho"]
[Result "1-0"]
[WhiteElo "2289"]
[BlackElo "2268"]
[PlyCount "69"]
[EventDate "2013.05.24"]
[EventType "swiss"]
[EventRounds "6"]
[EventCountry "BRA"]
[SourceTitle "CBM 154 Extra"]
[Source "ChessBase"]
[SourceDate "2013.06.25"]
[SourceVersion "2"]
[SourceVersionDate "2013.06.25"]
[SourceQuality "1"]

1. d4 Nf6 2. c4 e6 3. Nf3 b6 4. a3 Bb7 5. Nc3 d5 6. cxd5 exd5 7. g3 Nbd7 8. Bg2 a6 9. 0-0 Bd6 10. Bf4 Qe7 11. Bxd6 Qxd6 12. b4 0-0 13. Qb3 Ne4 14. Rac1 Rab8 15. e3 Nxc3 16. Rxc3 b5 17. Qc2 Nb6 18. Rxc7 Nc4 19. Rc5 Nxa3 20. Qf5 g6 21. Qg5 Nc4 22. Qh6 f6 23. h4 Rf7 24. Rb1 Rd8 25. Ne1 Rg7 26. Nd3 g5 27. hxg5 Rg6 28. Qh3 fxg5 29. Rc1 Kg7 30. Ne5 Rf6 31. f4 Qe7 32. Qh5 Kh8 33. Qxg5 Rg8 34. Qh4 Qg7 35. Rc7 1-0

[Event "Sao Bernardo do Campo op"]
[Site "Sao Bernardo do Campo"]
[Date "2013.05.24"]
[Round "1"]
[White "Limberg, Estacio Vermelho"]
[Black "Ribeiro, Allysson"]
[Result "1-0"]
[WhiteElo "2268"]
[BlackElo "1843"]
[PlyCount "122"]
[EventDate "2013.05.24"]
[EventType "swiss"]
[EventRounds "6"]
[EventCountry "BRA"]
[SourceTitle "CBM 154 Extra"]
[Source "ChessBase"]
[SourceDate "2013.06.25"]
[SourceVersion "2"]
[SourceVersionDate "2013.06.25"]
[SourceQuality "1"]

1. b3 d5 2. Bb2 c5 3. e3 Nc6 4. Nf3 Nf6 5. d4 cxd4 6. exd4 Bg4 7. a3 e6 8. Nbd2 Bd6 9. Be2 h6 10. 0-0 0-0 11. c4 Rc8 12. c5 Bb8 13. b4 Ne4 14. Nxe4 dxe4 15. Ne1 Ne7 16. Nc2 Nd5 17. g3 Bh3 18. Re1 f5 19. Bf1 Bxf1 20. Rxf1 Qg5 21. Qe2 Nf4 22. Qe3 Qg4 23. f3 Qg6 24. fxe4 fxe4 25. Kh1 Nd3 26. Bc3 Rf3 27. Rxf3 exf3 28. Rf1 f2 29. Qf3 Rc7 30. Ne3 Rf7 31. Qg4 Qf6 32. Qe4 h5 33. Ng2 Qf3 34. Qxf3 Rxf3 35. Bd2 Nb2 36. Ne3 Nd3 37. Kg2 Rf7 38. Nd1 h4 39. Nxf2 Nxf2 40. Rxf2 Rd7 41. Bf4 hxg3 42. hxg3 Bxf4 43. Rxf4 g5 44. Rf6 Rxd4 45. Rxe6 Kf7 46. Re3 Rc4 47. Kf3 a5 48. Rb3 g4+ 49. Ke3 a4 50. Rd3 Ke6 51. Rd4 Rc3+ 52. Kf4 Rxa3 53. Rd6+ Ke7 54. Rb6 Ra1 55. Rxb7+ Kd8 56. Kxg4 Ra2 57. Ra7 a3 58. c6 Rb2 59. Rxa3 Rxb4+ 60. Kf5 Rb5+ 61. Kf4 Rc5 1-0

[Event "Sao Paulo op da Amizade"]
[Site "Sao Paulo"]
[Date "2008.08.29"]
[Round "7.6"]
[White "Limberg, Estacio Vermelho"]
[Black "Bueno, Alfeu Varela Jr"]
[Result "1/2-1/2"]
[WhiteElo "2282"]
[BlackElo "2267"]
[PlyCount "74"]
[EventDate "2008.08.23"]
[EventType "swiss"]
[EventRounds "9"]
[EventCountry "BRA"]
[SourceTitle "EXT 2022"]
[Source "ChessBase"]
[SourceDate "2021.10.06"]
[SourceVersion "1"]
[SourceVersionDate "2021.10.06"]
[SourceQuality "1"]

1. e4 e6 2. d4 d5 3. Nc3 Nf6 4. e5 Nfd7 5. f4 c5 6. Nf3 Nc6 7. Be3 cxd4 8. Nxd4 Bc5 9. Qd2 a6 10. 0-0-0 Bxd4 11. Bxd4 b5 12. h4 b4 13. Na4 Nxd4 14. Qxd4 a5 15. g4 Qc7 16. g5 Ba6 17. Bxa6 Rxa6 18. Kb1 0-0 19. h5 Rc8 20. Rc1 Rc6 21. Qd2 Nc5 22. Nxc5 Rxc5 23. Rhf1 a4 24. g6 fxg6 25. hxg6 hxg6 26. Rf3 Rc3 27. Rf2 Rc4 28. Rf3 a3 29. bxa3 Rc3 30. Qd4 Qc4 31. Qb6 Qc6 32. Qxb4 Rc7 33. Ka1 Rb7 34. Qa5 Kf7 35. a4 d4 36. a3 Qc8 37. Rb1 Rxb1+ 1/2-1/2

[Event "Sao Paulo op da Amizade"]
[Site "Sao Paulo"]
[Date "2008.08.25"]
[Round "4.11"]
[White "Limberg, Estacio Vermelho"]
[Black "Feliciano Ebert, Vanessa"]
[Result "1-0"]
[WhiteElo "2282"]
[BlackElo "2066"]
[PlyCount "101"]
[EventDate "2008.08.23"]
[EventType "swiss"]
[EventRounds "9"]
[EventCountry "BRA"]
[SourceTitle "EXT 2022"]
[Source "ChessBase"]
[SourceDate "2021.10.06"]
[SourceVersion "1"]
[SourceVersionDate "2021.10.06"]
[SourceQuality "1"]

1. d4 Nf6 2. Bg5 g6 3. Nc3 Bg7 4. e4 d6 5. f4 0-0 6. e5 dxe5 7. dxe5 Nfd7 8. Bc4 Nb6 9. Bb3 Nc6 10. Nf3 Bg4 11. 0-0 a5 12. a3 Qc8 13. Nb5 a4 14. Ba2 Ra5 15. Nbd4 Nd5 16. Nxc6 bxc6 17. Qd2 Qa6 18. Nd4 c5 19. Nc6 Qxc6 20. Qxa5 Ne3 21. Rf2 Rb8 22. Bxe7 c4 23. Qc5 Qxc5 24. Bxc5 Nd1 25. Rf1 Nxb2 26. Rab1 Bf8 27. Bxf8 Kxf8 28. Bxc4 Rb6 29. Bd3 Be6 30. Kf2 Ba2 31. Ra1 Nxd3+ 32. cxd3 Rb2+ 33. Ke3 Bd5 34. Rf2 Rb3 35. Kd4 c6 36. g4 Ke7 37. f5 Rb5 38. Rc1 Rb3 39. Rc5 Rxa3 40. Ra5 Bb3 41. Ra7+ Ke8 42. Kc5 Bd1 43. Rb2 Rc3+ 44. Kd4 Rb3 45. Rxb3 axb3 46. h3 Bf3 47. Kc5 h5 48. gxh5 Bxh5 49. Kd6 Kf8 50. e6 fxe6 51. fxe6 1-0

[Event "Sao Paulo op da Amizade"]
[Site "Sao Paulo"]
[Date "2008.08.24"]
[Round "2.12"]
[White "Limberg, Estacio Vermelho"]
[Black "Abdalla, Luiz Guilherme"]
[Result "0-1"]
[WhiteElo "2282"]
[BlackElo "2080"]
[PlyCount "62"]
[EventDate "2008.08.23"]
[EventType "swiss"]
[EventRounds "9"]
[EventCountry "BRA"]
[SourceTitle "EXT 2022"]
[Source "ChessBase"]
[SourceDate "2021.10.06"]
[SourceVersion "1"]
[SourceVersionDate "2021.10.06"]
[SourceQuality "1"]

1. d4 d5 2. c4 c6 3. Nf3 Nf6 4. Nc3 e6 5. e3 Nbd7 6. Qc2 Bd6 7. g4 h6 8. Rg1 Qe7 9. h4 dxc4 10. g5 hxg5 11. hxg5 Nd5 12. Bxc4 Nxc3 13. bxc3 g6 14. Nd2 e5 15. Ne4 exd4 16. cxd4 Nb6 17. Bd3 Nd5 18. a3 Bh3 19. Rh1 0-0-0 20. Nxd6+ Qxd6 21. Bb2 Bg4 22. Rg1 Qe6 23. Bc4 Rh2 24. Qd3 Bf5 25. Qb3 Qe4 26. Bxd5 Rxd5 27. Qd1 Be6 28. Qe2 Rf5 29. Rc1 Qh4 30. Rf1 Rxg5 31. Rc5 Rxc5 0-1

[Event "Sao Paulo op da Amizade"]
[Site "Sao Paulo"]
[Date "2008.08.23"]
[Round "1.14"]
[White "Awoki, Daniel Teidi"]
[Black "Limberg, Estacio Vermelho"]
[Result "0-1"]
[WhiteElo "1923"]
[BlackElo "2282"]
[PlyCount "70"]
[EventDate "2008.08.23"]
[EventType "swiss"]
[EventRounds "9"]
[EventCountry "BRA"]
[SourceTitle "EXT 2022"]
[Source "ChessBase"]
[SourceDate "2021.10.06"]
[SourceVersion "1"]
[SourceVersionDate "2021.10.06"]
[SourceQuality "1"]

1. e4 c5 2. Nf3 Nc6 3. d4 cxd4 4. Nxd4 g6 5. Be3 Bg7 6. Nc3 Nf6 7. f3 0-0 8. Qd2 d5 9. Nxc6 bxc6 10. e5 Nd7 11. f4 e6 12. Na4 Nxe5 13. Bd4 Ng4 14. Bxg7 Kxg7 15. Be2 Nf6 16. Nc5 Rb8 17. b4 Qe7 18. Qd4 Re8 19. Nd3 Ba6 20. a3 Bxd3 21. Bxd3 c5 22. bxc5 Rec8 23. g4 Kg8 24. g5 Nd7 25. c6 Nc5 26. 0-0 Rxc6 27. Rab1 Rbc8 28. Rfe1 Nxd3 29. cxd3 Qxa3 30. Rb7 Rc1 31. Rxc1 Qxc1+ 32. Kg2 Rc2+ 33. Kg3 Qe1+ 34. Kh3 Qf1+ 35. Kg4 Qg2+ 0-1

[Event "Registro op 2008"]
[Site "Registro"]
[Date "2008.05.04"]
[Round "9"]
[White "Limberg, Estacio Vermelho"]
[Black "Braga, Jose Pereira"]
[Result "1-0"]
[WhiteElo "2303"]
[BlackElo "2055"]
[PlyCount "52"]
[EventDate "2008.04.30"]
[EventType "swiss"]
[EventRounds "9"]
[EventCountry "BRA"]
[SourceTitle "EXT 2022"]
[Source "ChessBase"]
[SourceDate "2021.10.06"]
[SourceVersion "1"]
[SourceVersionDate "2021.10.06"]
[SourceQuality "1"]

1. e4 g6 2. d4 Bg7 3. Nc3 d6 4. f4 Nd7 5. Nf3 c5 6. d5 Nb6 7. Bb5+ Bd7 8. a4 Bxb5 9. axb5 Qd7 10. Qe2 Nf6 11. 0-0 0-0 12. Rd1 Nh5 13. e5 Qg4 14. h3 Qd7 15. g4 Nf6 16. exf6 Bxf6 17. Be3 h5 18. Nd2 hxg4 19. hxg4 Bxc3 20. bxc3 Nxd5 21. Qf3 Nxc3 22. Rf1 Qxb5 23. Rf2 Kg7 24. f5 Rh8 25. f6+ Kg8 26. fxe7 Re8 1-0

[Event "Sao Paulo Paulista-ch"]
[Site "Sao Paulo"]
[Date "2007.07.01"]
[Round "6"]
[White "Limberg, Estacio Vermelho"]
[Black "Mekhitarian, Krikor Sevag"]
[Result "0-1"]
[WhiteElo "2255"]
[BlackElo "2416"]
[PlyCount "34"]
[EventDate "2007.06.28"]
[EventType "swiss"]
[EventRounds "7"]
[EventCountry "BRA"]
[SourceTitle "CBM 119 Extra"]
[Source "ChessBase"]
[SourceDate "2007.09.04"]
[SourceVersion "1"]
[SourceVersionDate "2007.09.04"]
[SourceQuality "1"]

1. d4 Nf6 2. Bg5 e6 3. Nd2 c5 4. e3 cxd4 5. exd4 Be7 6. Ngf3 b6 7. Bd3 Bb7 8. c3 d6 9. Qa4+ Nbd7 10. Ba6 Qc8 11. Bxb7 Qxb7 12. 0-0 0-0 13. Qb3 h6 14. Bh4 Rfe8 15. h3 Bf8 16. Rfe1 a6 17. a4 b5 0-1

[Event "Sao Paulo Paulista-ch"]
[Site "Sao Paulo"]
[Date "2007.06.30"]
[Round "5"]
[White "Limberg, Estacio Vermelho"]
[Black "Matsuura, Everaldo"]
[Result "1/2-1/2"]
[WhiteElo "2255"]
[BlackElo "2502"]
[PlyCount "39"]
[EventDate "2007.06.28"]
[EventType "swiss"]
[EventRounds "7"]
[EventCountry "BRA"]
[SourceTitle "CBM 119 Extra"]
[Source "ChessBase"]
[SourceDate "2007.09.04"]
[SourceVersion "1"]
[SourceVersionDate "2007.09.04"]
[SourceQuality "1"]

1. d4 d5 2. c4 dxc4 3. Nf3 c5 4. e3 cxd4 5. Bxc4 Qc7 6. Qxd4 Nc6 7. Qd1 Nf6 8. Nc3 Bg4 9. Qa4 Bd7 10. 0-0 e6 11. Qd1 a6 12. Qe2 Bd6 13. e4 Ne5 14. Nxe5 Bxe5 15. f4 Bxc3 16. bxc3 Rc8 17. Bd3 0-0 18. Ba3 Rfe8 19. e5 Nd5 20. c4 1/2-1/2

[Event "Sao Paulo Paulista-ch"]
[Site "Sao Paulo"]
[Date "2007.06.29"]
[Round "3"]
[White "Limberg, Estacio Vermelho"]
[Black "Crosa Coll, Martin"]
[Result "1-0"]
[WhiteElo "2255"]
[BlackElo "2403"]
[PlyCount "85"]
[EventDate "2007.06.28"]
[EventType "swiss"]
[EventRounds "7"]
[EventCountry "BRA"]
[SourceTitle "CBM 119 Extra"]
[Source "ChessBase"]
[SourceDate "2007.09.04"]
[SourceVersion "1"]
[SourceVersionDate "2007.09.04"]
[SourceQuality "1"]

1. d4 Nf6 2. Bg5 e6 3. Nd2 c5 4. e3 Nc6 5. c3 h6 6. Bxf6 gxf6 7. Ne4 cxd4 8. exd4 f5 9. Ng3 Bd6 10. Nf3 b6 11. Bd3 Ne7 12. Qe2 Bb7 13. Nh5 Qc7 14. Nf6+ Kf8 15. 0-0-0 Ng6 16. Nh5 a6 17. Rhg1 b5 18. g4 Qc6 19. Ne5 Bxe5 20. dxe5 Qf3 21. gxf5 exf5 22. Nf6 Rd8 23. Qd2 d6 24. Bc2 Ke7 25. exd6+ Kxf6 26. Rg3 Qh5 27. Qd4+ Ne5 28. f4 Rhe8 29. Re1 Be4 30. Bxe4 Qxh2 31. Bd5 Qxg3 32. Rxe5 Kg6 33. Bc6 Rxe5 34. fxe5 f4 35. Be4+ Kg5 36. Qd5 Qe3+ 37. Kd1 Kg4 38. e6 f3 39. e7 Qe2+ 40. Kc1 f2 41. Qf5+ Kg3 42. Qe5+ Kh4 43. exd8Q+ 1-0

[Event "Regina Helena Marques 5th"]
[Site "Santos"]
[Date "2007.05.27"]
[Round "11"]
[White "Limberg, Estacio Vermelho"]
[Black "Larrea, Manuel"]
[Result "1/2-1/2"]
[WhiteElo "2255"]
[BlackElo "2317"]
[PlyCount "26"]
[EventDate "2007.05.19"]
[EventType "tourn"]
[EventRounds "11"]
[EventCountry "BRA"]
[EventCategory "3"]
[SourceTitle "CBM 118 Extra"]
[Source "ChessBase"]
[SourceDate "2007.07.04"]
[SourceVersion "1"]
[SourceVersionDate "2007.07.04"]
[SourceQuality "1"]

1. d4 Nf6 2. c4 g6 3. Nc3 Bg7 4. e4 d6 5. Nge2 0-0 6. Ng3 c5 7. d5 Na6 8. h4 h5 9. Be2 Nc7 10. Bg5 a6 11. a4 Rb8 12. a5 b5 13. axb6 Rxb6 1/2-1/2

[Event "Regina Helena Marques 5th"]
[Site "Santos"]
[Date "2007.05.22"]
[Round "5"]
[White "Molina, Roberto Junio Brito"]
[Black "Limberg, Estacio Vermelho"]
[Result "0-1"]
[WhiteElo "2353"]
[BlackElo "2255"]
[PlyCount "54"]
[EventDate "2007.05.19"]
[EventType "tourn"]
[EventRounds "11"]
[EventCountry "BRA"]
[EventCategory "3"]
[SourceTitle "CBM 118 Extra"]
[Source "ChessBase"]
[SourceDate "2007.07.04"]
[SourceVersion "1"]
[SourceVersionDate "2007.07.04"]
[SourceQuality "1"]

1. d4 d6 2. e4 Nf6 3. Nc3 e5 4. Nf3 Nbd7 5. Bc4 Be7 6. 0-0 0-0 7. Re1 c6 8. Bf1 Qc7 9. Bg5 Re8 10. Qd2 h6 11. Bh4 Nf8 12. h3 g5 13. dxe5 dxe5 14. Bxg5 hxg5 15. Qxg5+ Ng6 16. Bc4 Kg7 17. Qe3 Qb6 18. Qc1 Nh5 19. Bxf7 Kxf7 20. Qh6 Rh8 21. Nxe5+ Nxe5 22. Qxh8 Nf6 23. Kh1 Qxf2 24. Rf1 Qg3 25. Qh5+ Kg7 26. Qe2 Bxh3 27. Rf2 Bg4 0-1

[Event "Sao Paulo Hebraica 4th"]
[Site "Sao Paulo"]
[Date "2007.05.10"]
[Round "9"]
[White "Cohn, Max Eduardo"]
[Black "Limberg, Estacio Vermelho"]
[Result "1/2-1/2"]
[WhiteElo "2122"]
[BlackElo "2255"]
[PlyCount "25"]
[EventDate "2007.05.02"]
[EventType "tourn"]
[EventRounds "9"]
[EventCountry "BRA"]
[SourceTitle "EXT 2022"]
[Source "ChessBase"]
[SourceDate "2021.10.06"]
[SourceVersion "1"]
[SourceVersionDate "2021.10.06"]
[SourceQuality "1"]

1. d4 Nf6 2. Bg5 d5 3. Bxf6 exf6 4. e3 Be6 5. Bd3 Nc6 6. Qf3 h6 7. h3 g6 8. Nd2 Bb4 9. Qg3 Bd6 10. f4 Bd7 11. Qf2 f5 12. Ngf3 Ne7 13. Ne5 1/2-1/2

[Event "Sao Paulo Hebraica 4th"]
[Site "Sao Paulo"]
[Date "2007.05.09"]
[Round "8"]
[White "Limberg, Estacio Vermelho"]
[Black "Gomez, Gustavo Pizzocaro"]
[Result "1/2-1/2"]
[WhiteElo "2255"]
[BlackElo "2032"]
[PlyCount "23"]
[EventDate "2007.05.02"]
[EventType "tourn"]
[EventRounds "9"]
[EventCountry "BRA"]
[SourceTitle "EXT 2022"]
[Source "ChessBase"]
[SourceDate "2021.10.06"]
[SourceVersion "1"]
[SourceVersionDate "2021.10.06"]
[SourceQuality "1"]

1. e4 d5 2. exd5 Nf6 3. d4 Nxd5 4. c4 Nb4 5. Nc3 g6 6. Nf3 Bg7 7. Be2 0-0 8. Bg5 c5 9. d5 h6 10. Bh4 Bg4 11. h3 Bf5 12. d6 1/2-1/2

[Event "Sao Paulo Interclubs Paulista"]
[Site "Sao Paulo"]
[Date "2007.02.25"]
[Round "4"]
[White "Limberg, Estacio Vermelho"]
[Black "Gerbelli Neto, Eduardo"]
[Result "0-1"]
[WhiteElo "2255"]
[BlackElo "2157"]
[PlyCount "102"]
[EventDate "2007.02.24"]
[EventType "team"]
[EventRounds "7"]
[EventCountry "BRA"]
[SourceTitle "CBM 117 Extra"]
[Source "ChessBase"]
[SourceDate "2007.05.09"]
[SourceVersion "1"]
[SourceVersionDate "2007.05.09"]
[SourceQuality "1"]

1. e4 e5 2. Nf3 Nc6 3. Bc4 Nf6 4. Ng5 d5 5. exd5 Na5 6. Bb5+ Bd7 7. Qe2 Be7 8. Nc3 0-0 9. 0-0 Bxb5 10. Qxb5 c6 11. dxc6 Nxc6 12. Qe2 Nd4 13. Qd3 Qd7 14. Nf3 Bd6 15. Ne4 Nxf3+ 16. Qxf3 Nd5 17. Qd3 Be7 18. Nc3 Rfd8 19. Re1 f6 20. Qe4 Nb4 21. a3 Nc6 22. Ne2 Rac8 23. d3 f5 24. Qf3 Bf6 25. Be3 Nd4 26. Bxd4 exd4 27. Rac1 Bg5 28. Nf4 Qd6 29. g3 Bxf4 30. gxf4 Rc6 31. Re5 h6 32. Kh1 Rdc8 33. Qh5 Qc7 34. Rg1 Rf6 35. Qf3 Qf7 36. Qe2 Rc7 37. Re8+ Kh7 38. Qe5 Rfc6 39. Rd8 Rxc2 40. Qxd4 Rc1 41. Qe3 Rxg1+ 42. Kxg1 Qg6+ 43. Qg3 Rc1+ 44. Kg2 Qf6 45. Rb8 Qc6+ 46. Kh3 Qc7 47. Rf8 Rc6 48. Qe3 Qd7 49. Qe8 Qxd3+ 50. Kh4 g5+ 51. fxg5 Rc4+ 0-1

[Event "Sao Paulo Interclubs Paulista"]
[Site "Sao Paulo"]
[Date "2007.02.25"]
[Round "2"]
[White "Limberg, Estacio Vermelho"]
[Black "Tsuboi, Edson Kenji"]
[Result "0-1"]
[WhiteElo "2255"]
[BlackElo "2356"]
[PlyCount "127"]
[EventDate "2007.02.24"]
[EventType "team"]
[EventRounds "7"]
[EventCountry "BRA"]
[SourceTitle "CBM 117 Extra"]
[Source "ChessBase"]
[SourceDate "2007.05.09"]
[SourceVersion "1"]
[SourceVersionDate "2007.05.09"]
[SourceQuality "1"]

1. e4 c5 2. Nf3 Nc6 3. Bb5 g6 4. 0-0 Bg7 5. Re1 Nf6 6. c3 0-0 7. d3 d6 8. Nbd2 Qc7 9. Nf1 a6 10. Ba4 b5 11. Bb3 h6 12. h3 e5 13. d4 exd4 14. cxd4 cxd4 15. Nxd4 Bb7 16. Nxc6 Qxc6 17. Ng3 Rfe8 18. Qf3 d5 19. e5 Nd7 20. Rd1 Nxe5 21. Qxd5 Qxd5 22. Bxd5 Rad8 23. Bb3 Rxd1+ 24. Bxd1 Nd3 25. Be2 Nxb2 26. Rb1 Na4 27. Bd2 h5 28. Bd1 Nc3 29. Bxc3 Bxc3 30. Bb3 h4 31. Nf1 a5 32. Rc1 b4 33. Ne3 Kg7 34. Nc4 Ba6 35. Nxa5 Re2 36. Rf1 Bd4 37. Nc4 f5 38. Rd1 Bxf2+ 39. Kf1 Re4 40. Rd7+ Kh6 41. Kxf2 Bxc4 42. Rb7 Bxb3 43. axb3 Kg5 44. Rb6 Kh6 45. Kf3 Kh5 46. Rb8 Kg5 47. Rb6 Kh6 48. Rb5 Kh5 49. Kf2 Rf4+ 50. Ke3 g5 51. Rb8 Re4+ 52. Kf3 Kg6 53. Rb6+ Kf7 54. Rb7+ Kf6 55. Rb6+ Ke5 56. Rb5+ Kd4 57. Rxb4+ Kd3 58. Rc4 Rxc4 59. bxc4 Kxc4 60. Ke3 Kc3 61. Kf3 Kd3 62. Kf2 Kd2 63. Kf1 Ke3 64. Ke1 0-1

[Event "Sao Paulo IRT5 op"]
[Site "Sao Paulo"]
[Date "2006.10.13"]
[Round "4"]
[White "Limberg, Estacio Vermelho"]
[Black "Viana da Costa, Fernando"]
[Result "1/2-1/2"]
[WhiteElo "2199"]
[BlackElo "2288"]
[PlyCount "61"]
[EventDate "2006.10.12"]
[EventType "swiss"]
[EventRounds "7"]
[EventCountry "BRA"]
[SourceTitle "CBM 114 Extra"]
[Source "ChessBase"]
[SourceDate "2006.11.03"]
[SourceVersion "1"]
[SourceVersionDate "2006.11.03"]
[SourceQuality "1"]

1. e4 c5 2. Nf3 Nc6 3. Bb5 e6 4. 0-0 Nge7 5. Re1 Ng6 6. Bxc6 bxc6 7. e5 Be7 8. d3 0-0 9. Nc3 f6 10. Qe2 Qc7 11. exf6 gxf6 12. Bh6 Rf7 13. h4 d5 14. Na4 Bd6 15. c4 e5 16. cxd5 cxd5 17. Rac1 Bg4 18. Qe3 Qe7 19. Nh2 Bd7 20. Nxc5 Nxh4 21. Nxd7 Qxd7 22. Qg3+ Ng6 23. Qf3 Bc7 24. Rc5 Rd8 25. Rec1 Bb6 26. Rc6 f5 27. Qh5 Ne7 28. R6c3 Ng6 29. Rc6 Ne7 30. R6c3 Ng6 31. Rc6 1/2-1/2